Program design and data structures in Pascal

Bibliographic Details
Corporate Author: Reynolds, Charles W.
Format: Book
Published: Belmont, Calif. : Wadsworth , c1986
Subjects:

MARC

LEADER 00000cam a2200000 7i4500
001 0000009120
005 20080311093000.0
008 021119n
020 |a 0534062946 
090 0 0 |a QA76.73.P2   |b R49 1986 
110 0 |a Reynolds, Charles W. ,   |d 1948- 
245 0 0 |a Program design and data structures in Pascal   |c Charles W. Reynolds 
260 2 |a Belmont, Calif. :   |b Wadsworth ,   |c c1986 
300 |a xi, 521 p. ; ;   |c 23 cm. 
504 |a Includes index 
650 0 |a Pascal (Computer programme language) 
999 |a 1000030892   |b Book   |c Close Access   |e Tembila Campus